Inflación en Costa Rica, 1953-1977: una interpretación

שמור ב:
מידע ביבליוגרפי
מחבר ראשי: Bolaños Zamora, Rodrigo
פורמט: Texto
יצא לאור: Heredia: UNA. IDELA
תגים: הוספת תג
אין תגיות, היה/י הראשונ/ה לתייג את הרשומה!

MARC

LEADER 00000 a a2200000 04500
001 15893
003
040
090 |a 016100  
100 |a Bolaños Zamora, Rodrigo  
245 |a Inflación en Costa Rica, 1953-1977: una interpretación  
260 |a Heredia:   |b UNA. IDELA  
300 |a 44 p.  
999 |c 14986  |d 14986